01003nam a22002534aa4500003000800000005001700008008004100025040003000066041000800096044000700104082001700111100004100128245016100169260002700330300004300357500003600400502018200436650003100618653001200649653001300661653001600674653001400690700004500704BOFEUTO20260512143440.0 t2025 bo gr 000 f spa d 6BOFEUTOaBOFEUTOcBOFEUTO aspa abo aTE6294bL864 aLópez Aquino, Noemi Senobiaeautor aAplicación de estrategias de marketing de contenidos en la Empresa Alimentos Naturales Andinos del sur de la ciudad de OrurocNoemi Senobia López Aquino aOruro :bs/n ;c2025 . a151 hojas :bgráf, tab. ;c28.5 cm . aIncluye bibliografía, anexos. aTrabajo Dirigido, (Licenciatura) -- Universidad Técnica de Oruro, Facultad de Ciencias Económicas, Financieras y Administrativas, Carrera Administración de Empresas, 2025. aEstratégias de Marketing aEmpresa aComercio aCrecimiento aProductos aDel Castillo Rodríguez, Rosarioetutor